Statistics for Pokémon with 4x weakness to Fighting

Click here to take the quiz!

General Stats

  • This quiz has been taken 57 times
    (33 since last reset)
  • The average score is 17 of 22

Answer Stats

GenAnswer% Correct
IITyranitar
100%
VITyranitar (Mega)
100%
VBisharp
95%
IIIAggron
80%
IIIAron
80%
VIAurorus
80%
IVWeavile
80%
IIILairon
80%
VPawniard
80%
IISneasel
80%
VIISandslash (Alolan)
75%
VIIIObstagoon (Galarian)
75%
VIAmaura
75%
IVShieldon
70%
VIIIZigzagoon (Galarian)
70%
VIISandshrew (Alolan)
70%
VIIRattata (Alolan)
70%
VIIILinoone (Galarian)
70%
IVBastiodon
70%
VIIStakataka
65%
IVProbopass
65%
VIIRaticate (Alolan)
65%

Score Distribution

Percentile by Number Answered

Percent of People with Each Score

Your Score History

You have not taken this quiz since the last reset